The elements of language curriculum: a systematic approach to program development

I tiakina i:
Ngā taipitopito rārangi puna kōrero
Kaituhi matua: Brown, James Dean (Author)
Hōputu: Pukapuka
Reo:Ingarihi
I whakaputaina: Pacific Grove Heinle & Heinle 1995
Putanga:1a. ed
Ngā marau:
Ngā Tūtohu: Tāpirihia he Tūtohu
Kāore He Tūtohu, Me noho koe te mea tuatahi ki te tūtohu i tēnei pūkete!

MARC

LEADER 00000nam a2200000 a 4500
001 UCJ0346
003 CL-VaPUC
008 060721e19950000US |||||||||||||||||eng|d
020 |a 0838458106 
082 0 4 |a 418.007  |b BRO  |2 21 
100 0 |a Brown, James Dean  |e author  |9 500487 
245 1 4 |a The elements of language curriculum: a systematic approach to program development 
250 |a 1a. ed 
300 |a 262 p 
942 |c BK 
945 |d 20060721 00:00:00  |a cmena 
260 |a Pacific Grove  |b Heinle & Heinle  |c 1995 
650 0 |a Métodos de enseñanza  |9 270413 
650 0 |a Planificación del currículo  |9 269599 
650 0 |a Enseñanza del inglés  |9 367340 
650 0 |a Lengua inglesa  |9 318842 
650 0 |a Educación lingüística  |9 306506 
583 |a last modification  |c 20130305 04:03:36  |k Rodrigo Vera 
999 |c 317208  |d 317206 
952 |0 0  |1 0  |4 0  |6 418_007000000000000_BRO_1995  |7 0  |8 A  |9 393230  |a BIBEDU  |b BIBEDU  |c ES_NOD  |d 2019-11-22  |i 4258452  |o 418.007 BRO 1995  |p 4258452  |r 2023-08-09  |w 2019-11-22  |y BK  |k LIT